Abstract algebra : (Record no. 1373)

MARC details
000 -LEADER
fixed length control field 01037cam a2200289 a 4500
001 - CONTROL NUMBER
control field 74183
003 - CONTROL NUMBER IDENTIFIER
control field OSt
005 - DATE AND TIME OF LATEST TRANSACTION
control field 20190903101149.0
008 - FIXED-LENGTH DATA ELEMENTS--GENERAL INFORMATION
fixed length control field 960717s1997 txua b 001 0 eng
010 ## - LIBRARY OF CONGRESS CONTROL NUMBER
LC control number 95072840
020 ## - INTERNATIONAL STANDARD BOOK NUMBER
International Standard Book Number 0030105595
040 ## - CATALOGING SOURCE
Original cataloging agency DLC
Transcribing agency DLC
Modifying agency DLC
050 00 - LIBRARY OF CONGRESS CALL NUMBER
Classification number QA162
Item number .H86 1997
082 00 - DEWEY DECIMAL CLASSIFICATION NUMBER
Classification number 512.02
Edition number 21
Item number HUN 1997
100 1# - MAIN ENTRY--PERSONAL NAME
Personal name Hungerford, Thomas W.
9 (RLIN) 3636
245 10 - TITLE STATEMENT
Title Abstract algebra :
Remainder of title an introduction
250 ## - EDITION STATEMENT
Edition statement 2nd ed.
260 ## - PUBLICATION, DISTRIBUTION, ETC. (IMPRINT)
Place of publication, distribution, etc. Fort Worth :
Name of publisher, distributor, etc. Saunders College Pub.,
Date of publication, distribution, etc. 1997.
300 ## - PHYSICAL DESCRIPTION
Extent xvii, 588 p. :
Other physical details ill. ;
Dimensions 25 cm.
504 ## - BIBLIOGRAPHY, ETC. NOTE
Bibliography, etc Includes bibliographical references (p. 550-553) and index.
650 #0 - SUBJECT ADDED ENTRY--TOPICAL TERM
Topical term or geographic name as entry element Abstract Agebra
9 (RLIN) 3637
650 #0 - SUBJECT ADDED ENTRY--TOPICAL TERM
Topical term or geographic name as entry element Mathematics
9 (RLIN) 810
856 42 - ELECTRONIC LOCATION AND ACCESS
Materials specified Contributor biographical information
Uniform Resource Identifier http://www.loc.gov/catdir/enhancements/fy1303/95072840-b.html
906 ## - LOCAL DATA ELEMENT F, LDF (RLIN)
a 7
b cbc
c orignew
d 2
e opcn
f 19
g y-gencatlg
942 ## - ADDED ENTRY ELEMENTS (KOHA)
Source of classification or shelving scheme Dewey Decimal Classification
Koha item type Short Loan
Holdings
Withdrawn status Lost status Source of classification or shelving scheme Damaged status Not for loan Home library Current library Date acquired Inventory number Total Checkouts Full call number Barcode Date last seen Koha item type
    Dewey Decimal Classification     MUST Main Library MUST Main Library 09/04/2015 04/22799   512.02 HUN 1997 2015-0834 09/04/2015 Short Loan
    Dewey Decimal Classification     MUST Main Library MUST Main Library 19/06/2015 05/24913   512.02 HUN 1997 2015-1984 19/06/2015 Short Loan
    Dewey Decimal Classification     MUST Main Library MUST Main Library 10/11/2015 05/24912   512.02 HUN 1997 2015-2529 10/11/2015 Short Loan